| 000 | 01092nam a2200301 i 4500 | ||
|---|---|---|---|
| 001 | 000008755 | ||
| 003 | DO-SdBNP | ||
| 005 | 20260409081031.0 | ||
| 007 | ta | ||
| 008 | 090918s1993 dr c 000 0 spa d | ||
| 040 |
_aDO-SdBNP _bspa _cBNPHU _erda |
||
| 041 | _aspa | ||
| 049 | _aBNPD | ||
| 082 |
_aRD860 _bP438i _2224 |
||
| 245 | 0 | 4 |
_aLas ideas literarias en República Dominicana. / _ccompilador y coordinador, Odalís G. Pérez. |
| 264 | 1 |
_aSanto Domingo : _bEditora Amigo del Hogar, _c1993. |
|
| 300 |
_a200 páginas : _bretratos ; _c22 cm. |
||
| 336 |
_atexto _btxt _2rdacontent |
||
| 337 |
_asin mediación _bn _2rdamedia |
||
| 338 |
_avolumen _bnc _2rdacarrier |
||
| 500 | _aEntrevistas realizadas por alumnos de cuarto de bachillerato, promoción 1992-1993 del colegio Calasanz. | ||
| 504 | _aBibliografía : páginas 195-198. | ||
| 590 | _aInventariado, 2026/BT | ||
| 650 | 4 |
_aLiteratura dominicana _xEnsayos, conferencias, etc. _923194 |
|
| 650 | 4 |
_aAutores dominicanos _xEntrevistas _922868 |
|
| 700 | 1 |
_aPérez, Odalís, _d1952- _ecompilador _4comp. _923828 |
|
| 942 |
_2ddc _cLBS1 |
||
| 999 |
_c8524 _d8524 |
||